| 000 | 00487nam a2200181Ia 4500 | ||
|---|---|---|---|
| 999 |
_c29772 _d29772 |
||
| 003 | OSt | ||
| 005 | 20201221104338.0 | ||
| 008 | 190216s9999||||xx |||||||||||||| ||und|| | ||
| 020 | _a9788171303823 | ||
| 040 | _coclc | ||
| 082 |
_a894.8121 _bKUR/V |
||
| 100 |
_aKurup, O N V _97466 |
||
| 245 | 0 |
_aVeruthe / _cO N V Kurup |
|
| 260 |
_bD C Books, _c2010. _aKottayam: |
||
| 300 | _a96p | ||
| 650 | _aKavithkal | ||
| 942 |
_cBK _2ddc _h894.8121 _iKUR/V _k894.8121 _mKUR/V |
||